Inflexión de las vocales en español / (Registro nro. 180074)

Detalles MARC
000 -LEADER
campo de control de longitud fija 00840nam a2200217 i 4500
001 - NÚMERO DE CONTROL
campo de control 180074
003 - IDENTIFICADOR DE NÚMERO DE CONTROL
campo de control ES-MaACL
005 - FECHA Y HORA DE LA ÚLTIMA TRANSACCIÓN
campo de control 20240503100009.0
008 - DATOS DE LONGITUD FIJA--INFORMACIÓN GENERAL
campo de control de longitud fija 120413s1923 sp |||| | spa d
080 ## - NÚMERO DE LA CLASIFICACIÓN DECIMAL UNIVERSAL
Número de la Clasificación Decimal Universal 811.134.2'342.9
100 1# - ENTRADA PRINCIPAL--NOMBRE DE PERSONA
Nombre de persona Krepinsky, Max.
9 (RLIN) 68814
245 10 - MENCIÓN DEL TÍTULO
Título Inflexión de las vocales en español /
Mención de responsabilidad, etc. Max Krepinsky ; tradución y notas de Vicente García de Diego.
260 ## - PUBLICACIÓN, DISTRIBUCIÓN, ETC.
Lugar de publicación, distribución, etc. Madrid :
Nombre del editor, distribuidor, etc. Junta para Ampliación de Estudios :
-- Centro de Estudios Históricos,
Fecha de publicación, distribución, etc. 1923.
300 ## - DESCRIPCIÓN FÍSICA
Extensión 151 p. ;
Dimensiones 22 cm.
490 1# - MENCIÓN DE SERIE
Mención de serie Anejos de la "Revista de Filología Española" ;
Designación de volumen o secuencia 3
650 #4 - PUNTO DE ACCESO ADICIONAL DE MATERIA--TÉRMINO DE MATERIA
Término de materia o nombre geográfico como elemento de entrada Lengua española-
Subdivisión general Entonación.
9 (RLIN) 138960
700 1# - ENTRADA AGREGADA--NOMBRE PERSONAL
Nombre de persona García de Diego, Vicente,
Fechas asociadas al nombre 1878-1978
9 (RLIN) 54421
830 0# - PUNTO DE ACCESO ADICIONAL DE SERIE-TÍTULO UNIFORME
Título uniforme Anejos de la "Revista de Filología Española" ;
Designación de volumen o secuencia 3
9 (RLIN) 191161
852 ## - LOCALIZACIÓN
Ubicación ES-MaACL
Número de control de estantería E-15365
Existencias
Estatus retirado Estado de pérdida Estado de daño No para préstamo Biblioteca de origen Biblioteca actual Ubicación en estantería Fecha de adquisición Fuente de adquisición Total de préstamos Signatura topográfica completa Código de barras Visto por última vez Precio de reemplazo Tipo de ítem Koha
        Biblioteca del Ateneo de Madrid Biblioteca del Ateneo de Madrid Depósito 2 13/04/2012     E-15365 1189205 23/02/2023 23/02/2023 Libro impreso